000 00230nam a22000857a 4500
008 160705b xxu||||| |||| 00| 0 eng d
100 _92267
_a Parikh, S.S., et al
245 _aHindi - English Dictionary
260 _aDelhi
_b Allied
_c1996
999 _c1950
_d1950